Internetworking and addressing / (Record no. 7083)

MARC details
000 -LEADER
fixed length control field 00957cam a2200205 a 4500
020 ## - INTERNATIONAL STANDARD BOOK NUMBER
ISBN 007069723X
020 ## - INTERNATIONAL STANDARD BOOK NUMBER
ISBN 9780070697232
050 00 - CALL NUMBER
Classification number TK5105.5
Item number .W47
100 1# - AUTHOR
Personal name White, Gene.
245 10 - TITLE
Title Internetworking and addressing /
Statement of responsibility, etc Gene White.
260 ## - PUBLICATION INFORMATION
Place of publication New York :
Name of publisher McGraw-Hill,
Year of publication c1992.
300 ## - DESCRIPTION
Number of Pages viii, 209 p. :
Other physical details ill. ;
Dimensions 24 cm.
440 #0 - SERIES
SERIES Uyless Black series on computer communications
500 ## - NOTES
General note Includes index.
505 ## - FORMATTED CONTENTS NOTE
Table of Content 1. Addressing concepts<br/>2. ISO and CCITT wide area network services<br/>3. Military standard layers 3 and 4 protocols<br/>4. Lan standards<br/>5. Internetwork and related addressing<br/>6. Bridges, routers, network routing, routing principles, and routing protocols<br/>7. Naming and addressing authorities, address administration for subnetworks and internetworks, and directories
650 #0 - SUBJECTS
Topical Term Computer networks.
650 #0 - SUBJECTS
Topical Term Computer network protocols.
650 #0 - SUBJECTS
Topical Term Internetworking (Telecommunication)
942 ## - ADDED ENTRY ELEMENTS (KOHA)
Koha item type Books
Holdings
Withdrawn status Lost status Collection code Home library Current library Shelving location Date acquired Full call number Accession Number Koha item type
    Reference Methodist University Library Main Methodist University Library Main General Stacks 11/12/2019 TK5105.5 .W47 17912 Books
Copyright © 2026  MUG Library